| 000 | 00996nam a2200217Ia 4500 | ||
|---|---|---|---|
| 003 | OSt | ||
| 005 | 20210120081922.0 | ||
| 008 | 200917s2008 ck ||||gr|||| 00| 0 spa d | ||
| 020 | _a9789588269245 | ||
| 040 |
_aCO-JMCR _cCO-JMCR |
||
| 041 | 0 | _aspa | |
| 082 | 0 | 4 |
_a796.026 / _bI572d _223 |
| 110 | 2 |
_aInstituto Colombiano del Deporte. _bOficina de Inspección, Vigilancia y Control _912893 |
|
| 245 | 1 | 0 |
_aDoctrinas y Conceptos Jurídicos / _cInstituto Colombiano del Deporte |
| 260 |
_aArmenia : _bInstituto Colombiano del Deporte, Coldeportes : Kinesis, _c2008 |
||
| 300 |
_a252 páginas ; _c24 cm. |
||
| 505 | 0 | _aOrganismos Deportivos del Sistema Nacional del Deporte -- Personería jurídica -- Reconocimiento Deportivo -- Estatutos sociales -- Reuniones de Asamblea General de Afiliados -- Órgano de administración -- Órgano de control -- Órgano de disciplina | |
| 650 | 1 | 4 |
_aOrganismos deportivos _zColombia _910389 |
| 650 | 1 | 4 |
_aConceptos jurídicos deportivos _910390 |
| 942 |
_2ddc _cBK |
||
| 999 |
_c6208 _d6208 |
||